Las fuerzas armadas venezolanas en la colonia
Na minha lista:
| Autor principal: | |
|---|---|
| Formato: | Livro |
| Idioma: | espanhol |
| Publicado em: |
Caracas
Fuentes para la Historia Colonial de Venezuela
1979
|
| Colecção: | Biblioteca de la Academia Nacional de la Historia, 137
|
| Assuntos: | |
| Tags: |
Adicionar Tag
Sem tags, seja o primeiro a adicionar uma tag!
|
MARC
| LEADER | 00000nam a2200000 a 4500 | ||
|---|---|---|---|
| 001 | UCR1439 | ||
| 003 | CL-VaPUC | ||
| 008 | 971219e19790000VE |||||||||||||||||spa|d | ||
| 082 | 0 | 4 | |a 987.03 |b SUA |2 21 |
| 100 | 0 | |a Suárez, Santiago-Gerardo |e author |9 398522 | |
| 245 | 1 | 4 | |a Las fuerzas armadas venezolanas en la colonia |
| 300 | |a 461 p | ||
| 942 | |c BK | ||
| 945 | |d 19971219 00:00:00 |a cmena | ||
| 260 | |a Caracas |b Fuentes para la Historia Colonial de Venezuela |c 1979 | ||
| 650 | 0 | |a Historia venezolana |9 393448 | |
| 650 | 0 | |a Fuerzas Armadas |9 255504 | |
| 650 | 0 | |a Ejércitos |9 323161 | |
| 650 | 7 | |a SEGURIDAD DEL ESTADO |2 CL-VaPUC |9 336838 | |
| 650 | 7 | |a CONSCRIPCION |2 CL-VaPUC |9 384184 | |
| 650 | 0 | |a Ciencias Políticas |9 255201 | |
| 650 | 7 | |a PERSONAL MILITAR |2 CL-VaPUC |9 375811 | |
| 651 | 0 | |a Venezuela |9 254993 | |
| 583 | |a last modification |c 19971219 00:00:00 |k Rodrigo Vera | ||
| 490 | 0 | |a Biblioteca de la Academia Nacional de la Historia, 137 | |
| 999 | |c 264841 |d 264839 | ||
| 952 | |0 0 |1 0 |4 0 |6 987_030000000000000_SUA_1979 |7 0 |8 DER_HDC |9 295368 |a BIBDER |b BIBDER |d 2019-11-20 |i 1923021 |o 987.03 SUA 1979 |p 1923021 |r 2023-01-25 |w 2019-11-20 |x Ubicación 4to Piso |y BK |z Estos recursos deben solicitarse con anticipación |k DER | ||